000 00834nam a2200253 a 4500
001 BRCA_3752
005 20190320204418.0
008 990609m19982002mx-a---##b---f000-0cspa-#
020 _a9688105929 (t.1)
020 _a9688106402 (t.2)
020 _a9688106607 (t.3)
041 _aspa
044 _amx
050 4 _aF1205
_b.E83 1998
245 1 0 _aEscritores en la diplomacia mexicana.
260 _aMéxico
_bSecretaría de Relaciones Exteriores
_c1998-2002
300 _a3 v.
_bil. (algunas a color), mapas
_c31 cm.
500 _aLa biblioteca solo cuenta con el tomo 3
504 _aIncluye referencias bibliográficas
610 2 4 _aSecretaría de Relaciones Exteriores
_vBiografía
_zMéxico
_99782
650 1 4 _aDiplomáticos
_vBiografía
_zMéxico
_99783
650 1 4 _aAutores mexicanos
_vBiografía
_99784
942 _2lcc
_cB
999 _c3481
_d3481